000 00589nam a22001577a 4500
003 NUST
082 _a670
100 _a Bhutta ,Shozib Mahmood
_9122331
245 _aDevelopment of Test Rig for Position Control of Shape Memory Alloy Springs using PID Algorithm. /
_cShozib Mahmood Bhutta
264 _aIslamabad:
_bSMME- NUST.
_c2021.
300 _a49p. ;
_bSoft Copy,
_c30cm.
650 _aMS Design and Manufacturing Engineering
_9119567
700 _aSupervisor : Dr. Mushtaq Khan
_9119879
856 _uhttp://10.250.8.41:8080/xmlui/handle/123456789/24963
942 _2ddc
_cTHE
999 _c608836
_d608836